| 000 | 00000nam##2200000za#4500 |
| 001 | 9.694275 |
| 003 | CaOODSP |
| 005 | 20210624234037 |
| 007 | cr ||||||||||| |
| 008 | 150407|2002||||xxc|||||o f|0| 0 eng|d |
| 040 | |aCaOODSP|beng |
| 043 | |an-cn--- |
| 086 | 1 |aNH15-395/2002E-PDF |
| 110 | 2 |aCanada Mortgage and Housing Corporation. |
| 245 | 10|aSustainable community planning and development participation tools and practices : |h[electronic resource]|bfinal report / |cby Fiona S. Crofton. |
| 260 | |aOttawa - Ontario : |bCanada Mortgage and Housing Corporation |c2001. |
| 300 | |a131p.|breferences |
| 500 | |aThe catalogue number (NH15-395/2002E) and ISBN (0-662-87737-3) for the print edition have been incorrectly copied in this electronic publication. |
| 590 | |a11-05-Supp|b2011-03-15 |
| 720 | 1 |aCrofton, Fiona S. |
| 775 | 08|tOutils pratiques pour la participation à la planification et au développement de collectivités durables : |w(CaOODSP)9.638451 |
| 856 | 40|ahttp://publications.gc.ca|qPDF|s1.06 MB|uhttps://publications.gc.ca/collections/collection_2011/schl-cmhc/NH15-395-2002-eng.pdf |